Normal view MARC view

Entry Meeting Name

Number of records used in: 1

001 - CONTROL NUMBER

  • control field: 12105

003 - CONTROL NUMBER IDENTIFIER

  • control field: OSt

005 - DATE AND TIME OF LATEST TRANSACTION

  • control field: 20211105133453.0

008 - FIXED-LENGTH DATA ELEMENTS

  • fixed length control field: 211105|| aca||aabn | a|a d

040 ## - CATALOGING SOURCE

  • Original cataloging agency: OSt
  • Transcribing agency: OSt

111 ## - HEADING--MEETING NAME

  • Meeting name or jurisdiction name as entry element: NATO Advanced Study institute
  • Location of meeting: Urbino,Italy
  • Date of meeting or treaty signing: 1975 June 29-July 13

670 ## - SOURCE DATA FOUND

  • Source citation: Work cat.: (OSt): NATO Advanced Study institute Urbino,Italy 1975 June 29-July 13, The Physics of non-thermal radio sources, 1976

Powered by Koha